000077985 001__ 77985 000077985 005__ 20190226114815.0 000077985 037__ $$aTAZ-TFG-2018-1514 000077985 041__ $$aspa 000077985 1001_ $$aColón García, Jesús Jorge 000077985 24200 $$aThe music as educational resource in physical education 000077985 24500 $$aLa música como recurso didáctico en clase de educación física 000077985 260__ $$aZaragoza$$bUniversidad de Zaragoza$$c2018 000077985 506__ $$aby-nc-sa$$bCreative Commons$$c3.0$$uhttp://creativecommons.org/licenses/by-nc-sa/3.0/ 000077985 520__ $$aSe pretende abordar el tema de la importancia que tiene la música en la etapa escolar, centrándonos nos en la educación física. Temas desde cómo nos afecta la música, qué elementos podemos trabajar, cómo nos permite mejorar, etc. Se ha llevado a cabo a trabes de una búsqueda de diferentes autores que han experimentado y demostrado una serie de pautas y recomendaciones para conseguir el mayor beneficio de este recurso didáctico. Se quiere demostrar basándonos en resultados, la necesidad de trabajar con música en la clase de educación física. 000077985 521__ $$aGraduado en Magisterio en Educación Primaria 000077985 540__ $$aDerechos regulados por licencia Creative Commons 000077985 700__ $$aAna Isabel Serrano Osanz$$edir. 000077985 7102_ $$aUniversidad de Zaragoza$$b $$c 000077985 8560_ $$f572698@celes.unizar.es 000077985 8564_ $$s278827$$uhttps://zaguan.unizar.es/record/77985/files/TAZ-TFG-2018-1514.pdf$$yMemoria (spa) 000077985 909CO $$ooai:zaguan.unizar.es:77985$$pdriver$$ptrabajos-fin-grado 000077985 950__ $$a 000077985 951__ $$adeposita:2019-02-26 000077985 980__ $$aTAZ$$bTFG$$cFCHE 000077985 999__ $$a20180618160345.CREATION_DATE